Surveying : (Record no. 554191)

000 -LEADER
fixed length control field 00528cam a2200169 i 4500
020 ## - INTERNATIONAL STANDARD BOOK NUMBER
International Standard Book Number 0137009402 (hardcover)
020 ## - INTERNATIONAL STANDARD BOOK NUMBER
International Standard Book Number 9780137009404 (hardcover)
082 00 - DEWEY DECIMAL CLASSIFICATION NUMBER
Classification number 526.9
Author Mark KAV
-- N-2,P-99
100 1# - MAIN ENTRY--PERSONAL NAME
Personal name Kavanagh, Barry F.
9 (RLIN) 8455
245 10 - TITLE STATEMENT
Title Surveying :
Remainder of title principles and applications.
250 ## - EDITION STATEMENT
Edition statement Ninth edition /
300 ## - PHYSICAL DESCRIPTION
Extent xi, pages :
Other physical details illustrations (some color), maps (some color) ;
Dimensions 24 cm
526 ## - STUDY PROGRAM INFORMATION NOTE
Program name 0
Interest level 0
Reading level 0
Title point value 526_900000000000000_KAV
650 #0 - SUBJECT ADDED ENTRY--TOPICAL TERM
Topical term or geographic name entry element Surveying.
700 1# - ADDED ENTRY--PERSONAL NAME
Personal name Mastin, Tom B.
9 (RLIN) 51506
942 ## - ADDED ENTRY ELEMENTS (KOHA)
Source of classification or shelving scheme
Koha item type Book
Holdings
Withdrawn status Lost status Source of classification or shelving scheme Damaged status Not for loan Permanent Location Current Location Date acquired Total Checkouts Full call number Barcode Date last seen Price effective from Koha item type
          Military College of Engineering (MCE) Military College of Engineering (MCE) 12/24/2018   526.9 KAV MCE-50743 12/24/2018 12/24/2018 Book
© 2023 Central Library, National University of Sciences and Technology. All Rights Reserved.